[Event "Tournoi francophone 005 Groupe F"]
[Site "Skype"]
[Date "????.??.??"]
[Round "11.2"]
[White "Douichi, Mohammed"]
[Black "Mimouni, Driss"]
[Result "1-0"]
[WhiteElo "1192"]
[BlackElo "1000"]
[PlyCount "71"]

1. e4 e6 2. e5 f6 3. Nf3 Be7 4. d4 d6 5. Bf4 fxe5 6. dxe5 dxe5 7. Qxd8+ Bxd8 8.
Bxe5 Nc6 9. Bxg7 Bf6 10. Bxf6 Nxf6 11. Nc3 Nb4 12. Bb5+ Bd7 13. Bxd7+ Nxd7 14.
O-O-O O-O-O 15. Ng5 Rhg8 16. h4 Rgf8 17. f3 e5 18. Ne6 Nxa2+ 19. Nxa2 Rg8 20.
Nxd8 Kxd8 21. g4 a6 22. Nc3 Re8 23. Ne4 c5 24. Nf6 Re7 25. Nd5 Re6 26. Rhe1 b5
27. g5 c4 28. f4 e4 29. f5 Re5 30. f6 e3 31. Nxe3 Re4 32. f7 Rxh4 33. f8=Q+ Kc7
34. Nd5+ Kc6 35. Qc8+ Kd6 36. Nf6+ 1-0

[Event "Tournoi francophone 005 Groupe F"]
[Site "Skype"]
[Date "????.??.??"]
[Round "11.3"]
[White "Lequeux, Pierre"]
[Black "Lecluyse, Koenraad"]
[Result "0-1"]
[WhiteElo "1180"]
[BlackElo "1208"]
[PlyCount "64"]

1. e4 e5 2. Nf3 Nf6 3. Nc3 d6 4. d3 h6 5. Be2 Be7 6. h3 O-O 7. Bd2 b6 8. d4
Nbd7 9. Nd5 Bb7 10. Nxf6+ Bxf6 11. Bd3 exd4 12. c3 Ne5 13. Nxe5 dxe5 14. c4 c5
15. O-O Bh4 16. Be1 f5 17. f3 fxe4 18. Bxh4 Qxh4 19. Qe1 Qxe1 20. Rfxe1 exd3
21. Rxe5 Rae8 22. Rxe8 Rxe8 23. Kf1 d2 24. Rd1 Ba6 25. b3 b5 26. Rxd2 bxc4 27.
bxc4 Bxc4+ 28. Kf2 Bb5 29. Rb2 a6 30. a3 d3 31. Ra2 Re2+ 32. Kf1 Rxa2 0-1

[Event "Tournoi francophone 005 Groupe F"]
[Site "Skype"]
[Date "????.??.??"]
[Round "11.4"]
[White "Scata, Laura"]
[Black "Morin, Claude"]
[Result "1-0"]
[WhiteElo "1058"]
[BlackElo "1012"]
[PlyCount "83"]

1. e4 e5 2. Nf3 d6 3. d4 Qe7 4. Bc4 Be6 5. Bxe6 Qxe6 6. d5 Qe7 7. Bg5 Nf6 8.
Nbd2 h6 9. Bh4 Nbd7 10. c3 O-O-O 11. b4 g5 12. Bg3 Kb8 13. O-O Bg7 14. a4 Nh5
15. b5 g4 16. Bh4 f6 17. Ne1 Qf7 18. Qxg4 Qg6 19. Qxg6 Nf4 20. Qxg7 Ne2+ 21.
Kh1 Nxc3 22. Bxf6 Nxf6 23. Qxf6 Rdf8 24. Qe7 Re8 25. Qd7 Rd8 26. Qg4 Rdg8 27.
Qf3 Nxd5 28. exd5 h5 29. a5 h4 30. h3 Rf8 31. Qe3 Rhg8 32. Nc4 Re8 33. b6 a6
34. bxc7+ Kxc7 35. Qb6+ Kd7 36. Qxb7+ Kd8 37. Nxd6 Re7 38. Qb8+ Kd7 39. Qxg8
Kxd6 40. Rb1 Rd7 41. Rb6+ Kc7 42. Qb8# 1-0

[Event "Tournoi francophone 005 Groupe F"]
[Site "Skype"]
[Date "????.??.??"]
[Round "11.5"]
[White "Gagnon, Sindy"]
[Black "Schnell, Nicolas"]
[Result "0-1"]
[WhiteElo "1000"]
[BlackElo "1000"]
[PlyCount "36"]

1. e4 h5 2. Nc3 d5 3. exd5 e5 4. Nf3 Bd6 5. d4 e4 6. Nxe4 Qe7 7. Bd3 Bf5 8.
Nfg5 Rh6 9. Qe2 Bb4+ 10. Bd2 Bg4 11. Qe3 Na6 12. c3 Ba5 13. f3 Bf5 14. O-O-O
O-O-O 15. Bc4 Rb6 16. Nxf7 Qxf7 17. b3 Qe7 18. Ng5 Qa3# 0-1

[Event "Tournoi francophone 005 Groupe F"]
[Site "Skype"]
[Date "????.??.??"]
[Round "11.6"]
[White "Ambrosino, Theo"]
[Black "Bacha, Mehdi"]
[Result "1-0"]
[WhiteElo "1151"]
[BlackElo "1030"]
[PlyCount "85"]

1. e4 d5 2. exd5 Qxd5 3. Nc3 Qe5+ 4. Be2 Nf6 5. Nf3 Qd6 6. Nb5 Qd7 7. Ne5 Qd8
8. Bc4 Be6 9. Qe2 Nc6 10. d4 Nxe5 11. Bxe6 fxe6 12. Qxe5 a6 13. Nxc7+ Kf7 14.
Qxe6+ Kg6 15. Nxa8 Qxa8 16. O-O Qd8 17. Be3 Qd5 18. Qb6 h5 19. Rfe1 Qc6 20. Qb3
e6 21. Bf4 Qd5 22. Rxe6 Qxb3 23. axb3 Kf7 24. Rb6 Be7 25. Rxb7 Rc8 26. c3 Re8
27. Rxa6 Ne4 28. Bd6 Nxd6 29. Rxd6 Kg8 30. Re6 Ra8 31. g3 Bf8 32. d5 Ra1+ 33.
Kg2 Rb1 34. d6 Rxb2 35. d7 Rd2 36. Re8 Rxd7 37. Rxd7 g6 38. b4 g5 39. b5 g4 40.
b6 h4 41. gxh4 g3 42. fxg3 Kh8 43. Rxf8# 1-0